书目信息 |
| 题名: |
鹰城诗粹
|
|
| 作者: | 贾宏文 , 杨晓宇 主编 | |
| 分册: | ||
| 出版信息: | 北京 文化发展出版社有限公司 2019.11 |
|
| 页数: | 444页 | |
| 开本: | 26cm | |
| 丛书名: | ||
| 单 册: | ||
| 中图分类: | I22 | |
| 科图分类: | ||
| 主题词: | 诗歌--中国 , 韵文--中国 | |
| 电子资源: | ||
| ISBN: | 978-7-5142-2725-3 | |
| 000 | 00635nam0 2200217 450 | |
| 001 | 2035200208 | |
| 005 | 20200921095132.82 | |
| 010 | @a978-7-5142-2725-3@dCNY99.00 | |
| 100 | @a20200921d2019 km y0chiy0120 ea | |
| 101 | 0 | @achi |
| 102 | @aCN@b110000 | |
| 200 | 1 | @a鹰城诗粹@Aying cheng shi cui@f贾宏文,杨晓宇主编@Fjia hong wen,yang xiao yu zhu bian |
| 210 | @a北京@c文化发展出版社有限公司@d2019.11 | |
| 215 | @a444页@d26cm | |
| 606 | 0 | @a诗歌@x中国 |
| 606 | 0 | @a韵文@x中国 |
| 690 | @aI22@v4 | |
| 701 | 0 | @a贾宏文@Ajia hong wen@4主编 |
| 701 | 0 | @a杨晓宇@Ayang xiao yu@4主编 |
| 801 | 0 | @aCN@bMUSE@c20200921 |
| 905 | @aMUSE@dI22@eJ242 | |
| 鹰城诗粹/贾宏文,杨晓宇主编.-北京:文化发展出版社有限公司,2019.11 |
| 444页;26cm |
| ISBN 978-7-5142-2725-3:CNY99.00 |
| ● |
| 相关链接 |
|
|
|
正题名:鹰城诗粹
索取号:I22/J242
 
预约/预借
| 序号 | 登录号 | 条形码 | 馆藏地/架位号 | 状态 | 备注 |
| 1 | 1348119 | 213481196 | 文学库108/108文学库 15排11列4层/ [索取号:I22/J242] | 在馆 | |
| 2 | 1348120 | 213481203 | 文学库108/108文学库 15排11列4层/ [索取号:I22/J242] | 在馆 | |
| 3 | 1348121 | 213481212 | 文学库108/108文学库 15排11列4层/ [索取号:I22/J242] | 在馆 | |
| 4 | 1348122 | 213481221 | 文学库108/108文学库 15排11列4层/ [索取号:I22/J242] | 在馆 | |
| 5 | 1348123 | 213481230 | 文学库108/108文学库 15排11列4层/ [索取号:I22/J242] | 在馆 | |
| 6 | 1348124 | 213481249 | 文学库108/108文学库 15排11列4层/ [索取号:I22/J242] | 在馆 | |
| 7 | 1348125 | 213481258 | 文学库108/108文学库 15排11列4层/ [索取号:I22/J242] | 在馆 |